<?xml version="1.0" encoding="UTF-8"?>
<record
    xmlns:xsi="http://www.w3.org/2001/XMLSchema-instance"
    xsi:schemaLocation="http://www.loc.gov/MARC21/slim http://www.loc.gov/standards/marcxml/schema/MARC21slim.xsd"
    xmlns="http://www.loc.gov/MARC21/slim">

  <leader>00950nam a22001817a 4500</leader>
  <controlfield tag="005">20241218130242.0</controlfield>
  <datafield tag="010" ind1=" " ind2=" ">
    <subfield code="a">DEC24UP HIN-128966</subfield>
  </datafield>
  <datafield tag="020" ind1=" " ind2=" ">
    <subfield code="a">9789363196070</subfield>
    <subfield code="c">360.00</subfield>
  </datafield>
  <datafield tag="035" ind1=" " ind2=" ">
    <subfield code="a">HN-101312</subfield>
  </datafield>
  <datafield tag="037" ind1=" " ind2=" ">
    <subfield code="b">DBAD </subfield>
  </datafield>
  <datafield tag="082" ind1=" " ind2=" ">
    <subfield code="a">000</subfield>
  </datafield>
  <datafield tag="100" ind1=" " ind2=" ">
    <subfield code="a">&#x936;&#x930;&#x94D;&#x92E;&#x93E;</subfield>
    <subfield code="9">75368</subfield>
  </datafield>
  <datafield tag="245" ind1=" " ind2=" ">
    <subfield code="a">&#x909;&#x92A;&#x915;&#x93E;&#x930; &#x930;&#x93E;&#x937;&#x94D;&#x91F;&#x94D;&#x930;&#x940;&#x92F; &#x92A;&#x94D;&#x930;&#x924;&#x93F;&#x92D;&#x93E; &#x916;&#x94B;&#x91C; &#x92A;&#x930;&#x940;&#x915;&#x94D;&#x937;&#x93E;:</subfield>
    <subfield code="b">&#x906;&#x920;&#x935;&#x940;&#x902; &#x915;&#x915;&#x94D;&#x937;&#x93E; &#x92E;&#x947; &#x905;&#x927;&#x94D;&#x92F;&#x928;&#x930;&#x924; &#x935;&#x93F;&#x926;&#x94D;&#x92F;&#x93E;&#x930;&#x94D;&#x925;&#x93F;&#x92F;&#x94B;&#x902; &#x915;&#x947; &#x932;&#x93F;&#x90F; /</subfield>
    <subfield code="c">&#x936;&#x930;&#x94D;&#x92E;&#x93E; &#x90F;&#x935;&#x902; &#x91A;&#x924;&#x941;&#x930;&#x94D;&#x935;&#x947;&#x926;&#x940;</subfield>
  </datafield>
  <datafield tag="260" ind1=" " ind2=" ">
    <subfield code="a">&#x906;&#x917;&#x930;&#x93E;</subfield>
    <subfield code="b">&#x909;&#x92A;&#x915;&#x93E;&#x930; &#x92A;&#x94D;&#x930;&#x915;&#x93E;&#x936;&#x928; </subfield>
    <subfield code="c">2025</subfield>
  </datafield>
  <datafield tag="270" ind1=" " ind2=" ">
    <subfield code="a">2/11 &#x90F;, &#x938;&#x94D;&#x935;&#x926;&#x947;&#x936;&#x940; &#x92C;&#x940;&#x92E;&#x93E; &#x928;&#x917;&#x930;(&#x936;&#x93E;&#x939; &#x938;&#x93F;&#x928;&#x947;&#x92E;&#x93E; &#x915;&#x947; &#x938;&#x93E;&#x92E;&#x928;&#x947;)</subfield>
    <subfield code="b">&#x906;&#x917;&#x930;&#x93E;</subfield>
    <subfield code="e">282002</subfield>
    <subfield code="k">2530966</subfield>
    <subfield code="k">2531101</subfield>
    <subfield code="m">care@upkar.in</subfield>
  </datafield>
  <datafield tag="300" ind1=" " ind2=" ">
    <subfield code="a">394&#x935;&#x93F;. &#x92A;&#x943;.</subfield>
    <subfield code="c">27&#x938;&#x947;&#x92E;&#x940; (&#x905;&#x91C;&#x93F;&#x932;&#x94D;&#x926;)</subfield>
  </datafield>
  <datafield tag="942" ind1=" " ind2=" ">
    <subfield code="c">HN</subfield>
    <subfield code="2">ddc</subfield>
    <subfield code="h">000</subfield>
    <subfield code="m">&#x936;&#x930;&#x94D;&#x92E;&#x93E;</subfield>
  </datafield>
  <datafield tag="999" ind1=" " ind2=" ">
    <subfield code="c">207790</subfield>
    <subfield code="d">207790</subfield>
  </datafield>
  <datafield tag="952" ind1=" " ind2=" ">
    <subfield code="0">0</subfield>
    <subfield code="1">0</subfield>
    <subfield code="4">0</subfield>
    <subfield code="7">0</subfield>
    <subfield code="8">NFIC</subfield>
    <subfield code="a">L</subfield>
    <subfield code="b">L</subfield>
    <subfield code="d">2024-12-18</subfield>
    <subfield code="e">DBAD</subfield>
    <subfield code="g">360.00</subfield>
    <subfield code="l">1</subfield>
    <subfield code="o">000 &#x936;&#x930;&#x94D;&#x92E;&#x93E;</subfield>
    <subfield code="p">HN-101312</subfield>
    <subfield code="r">2025-10-21 00:00:00</subfield>
    <subfield code="s">2025-10-08</subfield>
    <subfield code="t">1</subfield>
    <subfield code="v">360.00</subfield>
    <subfield code="w">2024-12-18</subfield>
    <subfield code="y">HN</subfield>
  </datafield>
</record>
